000 00492nam a2200157Ia 4500
008 150610s9999 xx 000 0 und d
020 _a044808922X
050 _aPS3507
_b.I9274 H37 1971
100 _aDixon, Franklin W.
245 4 _aThe flickering torch mystery /
_cby Franklin W. Dixon.
260 _aNew York : 
_bGrosset & Dunlap,
_c1971.
300 _a181pages ;
_c20 cm.
440 _aHardy boy mystery stories ; 22
520 _aFiction.
650 _xDetective and mystery stories.
999 _c288164
_d288164